सूखा मरुस्थल / (Record no. 115573)

MARC details
000 -LEADER
fixed length control field 01000nam a22002537a 4500
005 - DATE AND TIME OF LATEST TRANSACTION
control field 20170124103026.0
010 ## - LIBRARY OF CONGRESS CONTROL NUMBER
LC control number B-183681
020 ## - INTERNATIONAL STANDARD BOOK NUMBER
Terms of availability 150.00
International Standard Book Number 8186919473
035 ## - SYSTEM CONTROL NUMBER
System control number B-183681
037 ## - SOURCE OF ACQUISITION
Source of stock number/acquisition Cen Lib/Ret
040 ## - CATALOGING SOURCE
Original cataloging agency DPL
Language of cataloging HN
082 ## - DEWEY DECIMAL CLASSIFICATION NUMBER
Classification number
Item number शर्माया
100 ## - MAIN ENTRY--PERSONAL NAME
Personal name शर्मा, यादवेन्द्र
9 (RLIN) 9690
245 ## - TITLE STATEMENT
Title सूखा मरुस्थल /
Statement of responsibility, etc यादवेन्द्र शर्मा
246 ## - VARYING FORM OF TITLE
Title proper/short title Sookha marusthal /
Remainder of title by Yadvendra Sharma
260 ## - PUBLICATION, DISTRIBUTION, ETC. (IMPRINT)
Name of publisher, distributor, etc साहित्य भारती
Place of publication, distribution, etc दिल्ली
Date of publication, distribution, etc 2005
270 ## - ADDRESS
City दिल्ली
Address के-71, कृष्णनगर
Postal code 110051
300 ## - PHYSICAL DESCRIPTION
Extent 128पृ.
Dimensions 21सेमी (सजिल्द)
650 ## - SUBJECT ADDED ENTRY--TOPICAL TERM
Topical term or geographic name as entry element हिन्दी -- साहित्य
9 (RLIN) 62016
650 ## - SUBJECT ADDED ENTRY--TOPICAL TERM
Topical term or geographic name as entry element हिन्दी -- उपन्यास
9 (RLIN) 62017
650 ## - SUBJECT ADDED ENTRY--TOPICAL TERM
Topical term or geographic name as entry element Hindi -- Literature
9 (RLIN) 62018
650 ## - SUBJECT ADDED ENTRY--TOPICAL TERM
Topical term or geographic name as entry element Hindi -- Fiction
9 (RLIN) 27248
942 ## - ADDED ENTRY ELEMENTS (KOHA)
Source of classification or shelving scheme Dewey Decimal Classification
Koha item type Hindi Books
Classification part
Call number suffix शर्माया
Holdings
Withdrawn status Lost status Damaged status Not for loan Home library Current library Date acquired Source of acquisition Cost, normal purchase price Total Checkouts Full call number Barcode Date last seen Date checked out Copy number Cost, replacement price Price effective from Koha item type
        Central Library Central Library 20/08/2015 Cen Lib/Ret 150.00 1 उ शर्माया B-183681 07/08/2018 20/07/2018 1 150.00 20/08/2015 Hindi Books

© Delhi Public Library
Hit Counter
free hit counter